| 000 | 00793nam a2200253 a 4500 | ||
|---|---|---|---|
| 005 | 20240420063837.0 | ||
| 008 | 991125s1997 bar 000 0 spa u | ||
| 020 | _a8434426056 | ||
| 035 | _aUPN01000031996 | ||
| 049 | _aCG | ||
| 050 | 4 |
_aLB1051 _bI5.7 |
|
| 245 | 0 | 0 |
_aIntervención psicoeducativa en las dificultades del desarrollo / _ccoord. Miguel Moreno |
| 260 |
_aBarcelona, Esp. : _bAriel, _c1997. |
||
| 300 | _a365 p. | ||
| 440 | 0 | _aAriel educación | |
| 590 | _a(También localizas un ejemplar en el "Area de Reserva") | ||
| 590 | _aBibliografía Básica (BGTQ) | ||
| 650 | 4 |
_aEducación especial _93029 |
|
| 650 | 4 | _aHOGAR Y ESCUELA | |
| 650 | 4 |
_aProblemas educativos _95913 |
|
| 650 | 4 |
_aPsicología educativa _95197 |
|
| 700 | 1 |
_aMoreno, Miguel, _ecoord. |
|
| 905 | _aLibro | ||
| 999 |
_c31996 _d31996 |
||